000 00331nam a2200145Ia 4500
003 OSt
008 191201s2004 xx 000 0 und d
082 _a515.63
_bKUV
100 _aKUMAR, R
245 0 _aVector Calculus for B.A/B.Sc
260 _aNew Delhi
_bVardman Pub
_c2004
300 _a158
650 _aApplied
942 _2ddc
_cBK
999 _c361
_d361